000 00655nam a22002295i 4500
001 10719
003 ES-MaACL
005 20240510063016.0
008 950615s1995 sp ||||0| spa
020 _a8486351626
080 _a821.134.2-14"19"
100 1 _aGil Leyva, Abelardo.
_956832
245 1 0 _aAquellas citas de Celia /
_cAbelardo Gil.
250 _a1ª ed.
260 _aHumanes, Madrid :
_bJuan Pastor,
_c1995.
300 _a60 p. ;
_c20 cm.
490 1 _aDevenir. Serie Poesía ;
_v82
830 1 0 _aDevenir.
_pSerie Poesía ;
_v82
_9236243
852 4 _aES-MaACL
_jP-1931 N 82
_911012
942 _2udc
999 _c10719
_d10719